000 00499nam a22001577a 4500
020 _a139780077129521
050 _aHB171.5
_b.E26 2011
245 _aEconomics/
_cDavid, Begg, Gianluig vernasca, Stanley Fischer, and Rudiger Dornbusch
250 _a10th ed.
260 _aShoppenhanger; Berkshire:
_bMcGraw-Hill,
_c2011.
300 _axxiv.716 p.:
500 _aIncludes Index
650 _v Economics
700 _aBegg, David
_aGianluigi, Vernasca
_aFischer, Stanley
_aDornbusch, Rudiger
942 _cGEN
999 _c340
_d340